Pathology / (Record no. 8096)

MARC details
000 -LEADER
fixed length control field 01319nam a2200229Ia 4500
020 ## - INTERNATIONAL STANDARD BOOK NUMBER
ISBN 9780781779418
020 ## - INTERNATIONAL STANDARD BOOK NUMBER
ISBN 0781779413
020 ## - INTERNATIONAL STANDARD BOOK NUMBER
ISBN 9781451109061
020 ## - INTERNATIONAL STANDARD BOOK NUMBER
ISBN 1451109067
050 10 - CALL NUMBER
Classification number RB32
Item number .Sch1
100 1# - AUTHOR
Personal name Schneider, Arthur S.
245 10 - TITLE
Title Pathology /
Statement of responsibility, etc Arthur S. Schneider, Philip A. Szanto ; with special contributions by Sandra I. Kim and Todd A. Swanson.
250 ## - EDITION
Edition statement Fourth edition.
260 ## - PUBLICATION INFORMATION
Place of publication Philadelphia
Name of publisher Wolters Kluwer
Year of publication 2009
300 ## - DESCRIPTION
Number of Pages xvi, 442 pages :
Other physical details color illustrations ;
Dimensions 26 cm.
500 ## - NOTES
General note Includes index
505 0# - FORMATTED CONTENTS NOTE
Table of Content Cellular reaction to injury -- Inflammation -- Hemodynamic dysfunction -- Genetic disorders -- Immune dysfunction -- Neoplasia -- Environmental pathology -- Nutritional disorders -- Vascular system -- The heart -- Anemia -- Neoplastic and proliferative disorders of the hematopoietic and lymphoid systems -- Hemorrhagic disorders -- Respiratory system -- Gastrointestinal tract -- Liver, gallbladder, and exocrine pancreas -- Kidney and urinary tract -- Male reproductive system -- Female reproductive system and breast -- Endocrine system -- Skin -- Musculoskeletal system -- Nervous system -- Interpretation of diagnostic tests: laboratory statistics.
650 #0 - SUBJECTS
Topical Term Pathology
650 #0 - SUBJECTS
Topical Term Pathology
700 1# - OTHER AUTHORS
Personal name Szanto, Philip A.
942 ## - ADDED ENTRY ELEMENTS (KOHA)
Koha item type Books
Holdings
Withdrawn status Lost status Home library Current library Shelving location Date acquired Full call number Accession Number Koha item type
    Methodist University Library Main Methodist University Library Main General Stacks 24/11/2021 RB32 .Sch1 8383 Books
    Methodist University Library Main Methodist University Library Main General Stacks 24/11/2021 RB32 .Sch1 8382 Books
Copyright © 2026  MUG Library